The Happiest Girl by Blackpink all lyrics - Statistics

General Stats
  • This quiz has been taken 196 times
  • The average score is 308 of 366
Answer Stats
Hint Answer % Correct
i
100%
the
99%
be
98%
girl
98%
happiest
98%
in
96%
who
96%
world
96%
you
94%
ill
92%
it
92%
to
92%
youll
91%
see
90%
Chorus but
89%
Verse 1 | Verse 2 dont
89%
like
89%
my
89%
a
88%
if
88%
never
88%
tonight
88%
want
88%
we
87%
can
86%
say
85%
heart
83%
me
83%
no
83%
so
83%
why
83%
matter
81%
doesnt
80%
im
80%
back
79%
hold
79%
only
79%
hand
78%
moment
78%
stop
78%
then
78%
cant
77%
tears
77%
that
77%
this
77%
make
76%
wants
76%
beautiful
75%
of
73%
through
73%
try
73%
take
70%
Bridge all
68%
is
67%
well
67%
doors
65%
us
65%
broken
64%
go
64%
sound
64%
little
63%
madness
63%
remember
63%
one
62%
start
62%
takes
62%
with
62%
beg
61%
slammed
61%
baby
60%
fix
60%
paper
60%
smashed
59%
plates
58%
bottle
57%
not
57%
were
57%
cry
56%
rollin
56%
youre
56%
echo
55%
and
54%
perfect
53%
picture
53%
truth
53%
undo
53%
change
51%
past
51%
time
51%
crash
50%
pain
49%
pop
49%
smooth
49%
blame
48%
gets
48%
top
48%
saints
46%
else
45%
theres
45%
happend
43%
chase
42%
high
38%
wards
33%
steal
24%
No matching quizzes found
Score Distribution
Percent of People with Each Score
Percentile by Number Answered
Your Score History
You have not taken this quiz